| 000 | 00474nam a2200181Ia 4500 | ||
|---|---|---|---|
| 005 | 20250423101512.0 | ||
| 008 | 250422s9999 xx 000 0 und d | ||
| 020 | _a0- 374-29288- 4 | ||
| 050 | _aHM 846 .F74/ | ||
| 100 | _aThomas L. Friedman | ||
| 245 | 4 | _aThe world is flat: a brief history of the 21st century | |
| 260 | _aNew York | ||
| 260 | _bThomas L. Friedman | ||
| 260 | _c2005 | ||
| 300 | _a488 p | ||
| 650 | _aGlobalization- economic aspects | ||
| 942 | _cBK | ||
| 999 |
_c36475 _d36475 |
||